000 00286nam a22001097a 4500
008 170112b xxu||||| |||| 00| 0 eng d
020 _a9780323016094
041 _aeng
080 _22ND
_a618.2
245 _aMOSBY'S MANUAL OF DIAGNOSTIC AND LABORATORY TESTS
_cPAGANA, K.D
942 _2udc
_cBK
999 _c2743
_d2743